000 00954nam a2200229 i 4500
005 20200104041533.0
008 140305b1998 mx ||||| |||| 00| 0 spa d
040 _aCO-BoIAVH
_cCO-BoIAVH
041 0 _aspa
044 _amx
082 0 4 _a577.0972
_bC43u
100 1 _aChallenger, Antony
245 1 0 _aUtilización y conservación de los ecosistemas terrestres de México :
_bpasado, presente y fututro /
_cAntony Challenger.
260 _aMéxico :
_bComisión Nacional para el Conocimiento y Uso de la Biodiversidad:
_bInstituto Nacional de Ecología:
_bUniversidad Nacional Autónoma de México Agrupación Sierra Madre,
_c1998.
300 _a847páginas ;
_c33 cm.
650 1 4 _aEcosistemas terrestres
_zMéxico.
650 1 4 _aEcosistemas
_zMéxico.
650 2 4 _aConservación de la diversidad biológica.
650 2 4 _aDesarrollo sostenible
700 1 _aCaballero, Javier,
_eautor.
942 _cLIBRO
_2ddc
999 _c2489
_d2489